| 000 | 00821nam a2200217 i 4500 | ||
|---|---|---|---|
| 001 | 170846 | ||
| 003 | ES-MaACL | ||
| 005 | 20250808062748.0 | ||
| 008 | 090413s1956 sp |||| | spa d | ||
| 100 | 0 |
_aJuan Crisóstomo _cSanto. _9139759 |
|
| 245 | 1 | 0 |
_aObras de San Juan Crisóstomo. _nII, _pHomilías sobre el Evangelio de San Mateo (46-90) / _ctexto griego, versión española y notas de Daniel Ruiz Bueno. |
| 260 |
_aMadrid : _bLa Editorial Católica, _c1956. |
||
| 300 |
_aXII, 778 p. ; _c20 cm. |
||
| 490 | 1 |
_aBiblioteca de autores cristianos ; _v146 |
|
| 546 | _aTexto en griego y traducción en español. | ||
| 700 | 0 |
_aRuiz Bueno, Daniel. _9100677 |
|
| 830 | 0 | 0 |
_aBiblioteca de autores cristianos _v146 _9178679 |
| 852 |
_aES-MaACL _jJ-144 _946092 |
||
| 999 |
_c170846 _d170846 |
||